[Event "Adelaide Interclub"]
[Site "Adelaide"]
[Date "2004.??.??"]
[Round "8"]
[White "Hester, David A"]
[Black "Irvine, James"]
[Result "1-0"]
[WhiteElo "1710"]
[BlackElo "1650"]
[PlyCount "47"]
[EventDate "2004.??.??"]
[EventType "team-tourn"]
[EventRounds "9"]
[EventCountry "AUS"]
[SourceTitle "EXT 2007"]
[Source "ChessBase"]
[SourceDate "2006.11.23"]
[SourceVersion "1"]
[SourceVersionDate "2006.11.23"]
[SourceQuality "1"]

1. d4 d5 2. c4 c6 3. Nc3 Nf6 4. e3 dxc4 5. Bxc4 e6 6. Nf3 b5 7. Bd3 a5 8. 0-0 b4 9. Na4 Ba6 10. Ne5 Nfd7 11. Bxa6 Rxa6 12. Nd3 Qc7 13. Bd2 Bd6 14. f4 Nf6 15. Nac5 Ra7 16. Rc1 Nbd7 17. Qf3 Bxc5 18. Nxc5 h6 19. Nxd7 Kxd7 20. e4 Ke7 21. f5 Qd7 22. fxe6 Qxd4+ 23. Be3 Qe5 24. Bxa7 1-0

[Event "Adelaide Interclub"]
[Site "Adelaide"]
[Date "2004.??.??"]
[Round "6"]
[White "Irvine, James"]
[Black "Anderson Smith, William T"]
[Result "1/2-1/2"]
[WhiteElo "1650"]
[BlackElo "1625"]
[PlyCount "64"]
[EventDate "2004.??.??"]
[EventType "team-tourn"]
[EventRounds "9"]
[EventCountry "AUS"]
[SourceTitle "EXT 2007"]
[Source "ChessBase"]
[SourceDate "2006.11.23"]
[SourceVersion "1"]
[SourceVersionDate "2006.11.23"]
[SourceQuality "1"]

1. Nf3 d5 2. c4 e6 3. g3 Nf6 4. Bg2 Be7 5. 0-0 0-0 6. d4 c5 7. cxd5 exd5 8. dxc5 Bxc5 9. Qc2 b6 10. Bg5 Bb7 11. e3 Nbd7 12. Rd1 h6 13. Bxf6 Nxf6 14. Nfd2 Rc8 15. Qd3 Qe7 16. Nb3 Rfd8 17. Nd4 g6 18. Nc3 a6 19. a3 b5 20. b4 Ba7 21. Rac1 Ne4 22. Nde2 Nxc3 23. Rxc3 Rxc3 24. Qxc3 Rd6 25. Qd3 Qd8 26. Qb3 Qd7 27. Nf4 d4 28. Bxb7 Qxb7 29. exd4 Bxd4 30. Ne2 Qb6 31. Rxd4 Rxd4 32. Nxd4 Qxd4 1/2-1/2

[Event "Adelaide Interclub"]
[Site "Adelaide"]
[Date "2004.??.??"]
[Round "7"]
[White "Irvine, James"]
[Black "Hoff, Michael R"]
[Result "0-1"]
[WhiteElo "1650"]
[BlackElo "1905"]
[PlyCount "68"]
[EventDate "2004.??.??"]
[EventType "team-tourn"]
[EventRounds "9"]
[EventCountry "AUS"]
[SourceTitle "EXT 2007"]
[Source "ChessBase"]
[SourceDate "2006.11.23"]
[SourceVersion "1"]
[SourceVersionDate "2006.11.23"]
[SourceQuality "1"]

1. Nf3 d5 2. c4 d4 3. b4 c5 4. Bb2 b6 5. d3 g6 6. g3 Bg7 7. Bg2 Bb7 8. Qb3 Qc7 9. 0-0 e5 10. Nbd2 Ne7 11. e3 0-0 12. exd4 exd4 13. Rfe1 a5 14. bxc5 bxc5 15. Ne4 Nd7 16. Ba3 Rab8 17. Qc2 Nf5 18. Rab1 Bxe4 19. Rxb8 Rxb8 20. Rxe4 Qb6 21. Re1 Bh6 22. Nd2 Nd6 23. Rb1 Qc7 24. Rxb8+ Qxb8 25. Nb3 Qb6 26. Bc1 Bxc1 27. Nxc1 Qb4 28. Kf1 Kg7 29. Ke2 a4 30. h4 Ne5 31. Qd2 Qb1 32. Bh3 Ndxc4 33. dxc4 Nxc4 34. Qf4 Qc2+ 0-1

[Event "Adelaide University op"]
[Site "Adelaide"]
[Date "2002.07.14"]
[Round "6"]
[White "Irvine, James"]
[Black "Thiyagarajah, Anand"]
[Result "0-1"]
[WhiteElo "1252"]
[BlackElo "1552"]
[PlyCount "62"]
[EventDate "2002.07.13"]
[EventType "swiss"]
[EventRounds "7"]
[EventCountry "AUS"]
[SourceTitle "EXT 2005"]
[Source "ChessBase"]
[SourceDate "2004.11.15"]
[SourceVersion "1"]
[SourceVersionDate "2004.11.15"]
[SourceQuality "1"]

1. Nf3 Nf6 2. c4 e6 3. g3 d5 4. b3 Nbd7 5. Bg2 Bd6 6. Bb2 0-0 7. 0-0 b6 8. d3 Bb7 9. Nbd2 c5 10. cxd5 exd5 11. e3 Re8 12. Re1 Ne5 13. Nxe5 Bxe5 14. Bxe5 Rxe5 15. Nf3 Re7 16. Rc1 Rc8 17. Re2 Ba6 18. Rec2 Rec7 19. Bh3 Rb8 20. Rc3 Bc8 21. Bg2 Bf5 22. Nd2 d4 23. exd4 Qxd4 24. Nf3 Qd6 25. Nh4 Be6 26. d4 Rd7 27. Nf3 cxd4 28. Rc8+ Rd8 29. Rxb8 Qxb8 30. Qd3 g6 31. Rd1 Bf5 0-1